000 01106nas a2200313 4500
001 BR8901067
003 BR-BrBNA
005 20231205091454.0
007 ta
008 230509b bl.|||p| |||| 00| 00por d
040 _aBR-BrBNA
_bpor
_cBiblioteca Nacional de Agricultura
041 _a(Pt)
072 _aH10
100 1 _aRaizer, A.J.
100 1 _aMotta, R.
100 1 _aSugahara, C.A.
100 1 _aSilva, J.M.
100 1 _aArashiro, F.Y.
100 1 _aMariconi, F.A.M.
245 1 _aCombate ao acaro da leprose Brevipalpus phoenicis (Geijskes, 1939)em citros, com defensivos quimicos, incluidos inibidores de formacao de quitina
246 1 _aControl of the citrus leprosis mite Brevipalpus phoenicis (Geijskes, 1939)on orange-trees with chemical pesticides, including chitin synthesis inhibitors
650 _aLARANJA
650 _aLEPROSE
650 _aACARO
650 _aPESTICIDA
773 0 _tAnais da Sociedade Entomologica do Brasil (Brazil)
_xISSN 0301-8059
_g(1988), v. 17(2) p. 271-281
_wBR8901067
909 _a202311
_bLúcia
_c55
_dLúcia Elande
942 _2AGRIS
_n0
_cANA
999 _c125315
_d125315